Econometría / (Registro nro. 5361)
[ vista simple ]
| 000 -LEADER | |
|---|---|
| fixed length control field | 01061nam a2200289Ia 4500 |
| 003 - CONTROL NUMBER IDENTIFIER | |
| control field | OSt |
| 005 - DATE AND TIME OF LATEST TRANSACTION | |
| control field | 20200610191938.0 |
| 008 - FIXED-LENGTH DATA ELEMENTS--GENERAL INFORMATION | |
| fixed length control field | 191128s1981 ck fr 000 0 spa d |
| 020 ## - INTERNATIONAL STANDARD BOOK NUMBER | |
| International Standard Book Number | 9684510276 |
| 040 ## - CATALOGING SOURCE | |
| Original cataloging agency | CO-JMCR |
| Transcribing agency | CO-JMCR |
| 041 1# - LANGUAGE CODE | |
| Language code of text/sound track or separate title | spa |
| Language code of original | eng |
| 082 04 - DEWEY DECIMAL CLASSIFICATION NUMBER | |
| Classification number | 330.015195 / |
| Item number | G841e2 |
| Edition number | 23 |
| 100 1# - MAIN ENTRY--PERSONAL NAME | |
| Personal name | Gujarati, Damodar, |
| Relator term | autor |
| 9 (RLIN) | 5434 |
| 245 10 - TITLE STATEMENT | |
| Title | Econometría / |
| Statement of responsibility, etc. | Damodar Guajarati ; traducción Juan Manuel Mesa ; revisión Manuel Ramírez |
| 260 ## - PUBLICATION, DISTRIBUTION, ETC. | |
| Place of publication, distribution, etc. | Bogotá : |
| Name of publisher, distributor, etc. | McGraw-Hill, |
| Date of publication, distribution, etc. | 1981 |
| 300 ## - PHYSICAL DESCRIPTION | |
| Extent | xxii, 463 páginas ; |
| Dimensions | 23 cm. |
| 504 ## - BIBLIOGRAPHY, ETC. NOTE | |
| Bibliography, etc. note | Bibliografía: páginas 451-455 |
| 505 0# - FORMATTED CONTENTS NOTE | |
| Formatted contents note | Modelos de regresión uniecuacionales -- Violación de los supuestos del modelo clásico --Otros temas de econometría -- Modelos de ecuaciones simultáneas |
| 534 ## - ORIGINAL VERSION NOTE | |
| Introductory phrase | Basic econometrics |
| 546 ## - LANGUAGE NOTE | |
| Language note | Traducido del inglés |
| 650 14 - SUBJECT ADDED ENTRY--TOPICAL TERM | |
| Topical term or geographic name entry element | Econometría |
| 9 (RLIN) | 5435 |
| 650 14 - SUBJECT ADDED ENTRY--TOPICAL TERM | |
| Topical term or geographic name entry element | Finanzas |
| 9 (RLIN) | 5436 |
| 650 14 - SUBJECT ADDED ENTRY--TOPICAL TERM | |
| Topical term or geographic name entry element | Modelo econométrico |
| 9 (RLIN) | 5437 |
| 700 1# - ADDED ENTRY--PERSONAL NAME | |
| Personal name | Mesa, Juan Manuel, |
| Relator term | traductor |
| 9 (RLIN) | 5438 |
| 700 1# - ADDED ENTRY--PERSONAL NAME | |
| Personal name | Ramírez, Manuel, |
| Relator term | revisor |
| 9 (RLIN) | 5439 |
| 942 ## - ADDED ENTRY ELEMENTS (KOHA) | |
| Source of classification or shelving scheme | Dewey Decimal Classification |
| Koha item type | Books |
| Withdrawn status | Lost status | Source of classification or shelving scheme | Damaged status | Not for loan | Collection code | Home library | Current library | Date acquired | Source of acquisition | Cost, normal purchase price | Total Checkouts | Full call number | Barcode | Date last seen | Copy number | Koha item type | Public note |
|---|---|---|---|---|---|---|---|---|---|---|---|---|---|---|---|---|---|
| Dewey Decimal Classification | Non-fiction | Biblioteca Pública José María del Castillo y Rada | Biblioteca Pública José María del Castillo y Rada | 04/15/2018 | Donación | 0.00 | 330.015195 / G841e2 | 430001759 | 05/16/2024 | Ej.1 | Books | Exlibris: algunas páginas rayadas |